Loading...

Mudrarakshasa pariseelan/

Bibliographic Details
Main Author: Chandrakanth Shukla
Format: Printed Book
Published: New Delhi: Eastern, 2003.
Subjects:
LEADER 00569nam a22001691a 4500
999 |c 29576  |d 29576 
020 |a 9788178540269 
082 |a S200 7  |b CHA/M 
100 |a Chandrakanth Shukla 
245 |a Mudrarakshasa pariseelan/  |c by Chandrakanth Shukla. 
260 |a New Delhi:  |b Eastern,  |c 2003. 
300 |a 197p. 
650 |a Drama Sanskrit Study 
650 |a Literature Sanskrit 
650 |a Literature 
942 |c BK 
952 |0 0  |1 0  |4 0  |6 S_200_700000000000000_CHA_M  |7 0  |9 42543  |a SSUS  |b SSUS  |d 2015-01-08  |g 350.00  |l 5  |o S200 7 CHA/M  |p 046165  |r 2020-07-23  |s 2020-02-17  |v 0.00  |w 2015-01-08  |y BK